Joueur du Grenier - Jeux testés - Statistiques

Statistiques générales
  • Ce quiz a été pris 210 fois
    94 depuis la dernière actualisation
  • Le résultat moyen est 23 sur 233
Statistiques - réponses
Numéro vidéo JDG Année de sortie Console Jeu % Correct
1 1995 Mega Drive Tintin au Tibet
79%
30 1983 Arcade Dragon's Lair
60%
30 1992 Super NES Dragon' s Lair
60%
30 1990 NES Dragon's Lair
60%
23 1983 Atari 2600 E.T : The Extra-Terrestrial
47%
28 1995 Mega Drive Spirou
42%
42 1999 Nintendo 64 Superman 64
42%
18 1996 PlayStation Bubsy 3D
38%
14 1994 Mega Drive Les Schtroumpfs
38%
3 1993 Mega Drive Asterix and the Great Rescue
36%
22 1989 NES Tortues Ninja
34%
87 1986 NES Castlevania
33%
38 1992 Mega Drive Fantasia
32%
48-49 1986 Famicom Takeshi's Challenge
30%
38 2001 PlayStation The Lion King : Simba's Mighty Adventure
30%
77 1993 Game Boy Mortal Kombat
29%
11 1990 Master System Retour vers le futur II
29%
2 1988 NES Saint Seiya : Ougon Densetsu
29%
7 1990 Mega Drive Sword of Sodan
29%
5 1992 Mega Drive Dark Castle
27%
73 1992 Mega Drive Ecco le Dauphin
27%
/ 1993 Mega Drive Aladdin
26%
19 1992 NES Barbie
26%
70 1987 NES Rambo
26%
12 1992 Master System Retour vers le futur III
26%
15 1999 PlayStation Virus
26%
46 1994 Mega Drive Instruments of chaos starring Young Indiana Jones
25%
20 1993 Super NES Jurassic Park
25%
65 1989 NES Qui veut la Peau de Roger Rabbit ?
25%
84 1996 PS1 Tomb Raider
25%
10 1990 Super NES Ultraman : Towards the future
25%
31 1986 Amstrad CPC 464 Airwolf
23%
31 1984 ZX Spectrum Airwolf
23%
24 1998 PlayStation Batman & Robin
23%
42 1995 Mega Drive Batman Forever
22%
32 1997 PlayStation Excalibur 2555 A.D
22%
72 2001 Game Boy Color Fort Boyard
22%
18 1997 Sega Saturn Sonic R
22%
25 1990 Master System Alf
21%
38 1994 Mega Drive Beauty and the Beast
19%
74 2003 PlayStation 2 Enter the Matrix
19%
68 2001 PlayStation Harry Potter à l'Ecole des Sorciers
19%
68 2001 GameBoy Harry Potter à l'Ecole des Sorciers
19%
64 2004 PlayStation 2 Catwoman
18%
16 1990 NES Les Simpsons : Bart vs. the Space Mutants
18%
83 2006 Xbox 360 Sonic the Hedgehog
18%
8 1995 Super NES Waterworld
18%
34 1988 NES Metal Gear
16%
33 1993 Mega Drive Taz-Mania
16%
18 1999 Nintendo 64 Castlevania 64
15%
66 1984 Atari 2600 Ghostbusters
15%
66 1984 Master System Ghostbusters
15%
68 2002 PlayStation Harry Potter et la Chambre des Secrets
15%
68 2005 PlayStation 2 Harry Potter et la Coupe de Feu
15%
43 1991 NES / Super NES Home Alone
15%
41 1987 Arcade Street Fighter
15%
52 1992 NES The Terminator
15%
58 1996 Sega-Genesis X-Perts
15%
51 1993 NES Cool World
14%
51 1993 Super NES Cool World
14%
40 1993 Super NES Prince of Persia 2
14%
21 1987 Master System California Games
12%
85 2011 PS3 Duke Nukem Forever
12%
55 1986 NES Friday the 13th
12%
68 2007 PlayStation 2 Harry Potter et l'Ordre du Phénix
12%
4 1989 Mega Drive Last Battle
12%
50 1995 Mega Drive Nightmare Circus
12%
33 1992 Super NES Road Runner
12%
/ 1992 NES Captain Planet
11%
68 2010 PlayStation 3 Harry Potter et les Reliques de la Mort : Première Partie
11%
75 1998 PlayStation Le Cinquième Elément
11%
34 1987 NES Platoon
11%
6 2000 Nintendo 64 Power Rangers Lightspeed Rescue
11%
10 1994 Mega Drive Rise of the Robots
11%
27 1987 NES Silent Service
11%
84 1997 PS1 Tomb Raider 2
11%
84 1998 PS1 Tomb Raider 3 : Les Aventures de Lara Croft
11%
17 1990 NES Total Recall
11%
47 1991 NES Beetlejuice
10%
67 2006 PlayStation 2 Daemon Summoner
10%
82 1986 NES Deadly Towers
10%
47 1992 NES Hook
10%
27 1986 NES Infiltrator
10%
13 1992 NES & Super NES James Bond Jr
10%
81 1998 Nintendo 64 Mission Impossible
10%
10 1990 Super NES Pit Fighter
10%
21 1985 NES Soccer
10%
25 1995 Super NES Timecop
10%
21 1988 NES Track and Field
10%
29 1995 Sega Saturn Virtual Hydlide
10%
53 1994 CD-i Zelda's Adventure
10%
21 1993 Master System California Games II
8%
60 2003 GameCube Charlie's Angels
8%
86 2000 Nintendo 64 Daikatana
8%
69 2004 PlayStation 2 Miami Vice
8%
54 1999 PlayStation Asterix et Obélix contre César
7%
23 1984 Atari 2600 A-team
7%
74 2004 PlayStation 2 Bad Boys II
7%
89 1994 DOS Captain Bible
7%
25 1992 Super NES Captain Novolin
7%
55 1988 NES Dr Jekyll and Mr. Hyde
7%
37 1989 NES Fester's Quest
7%
59 1995 PC Gabriel Knight, Police Quest
7%
43 1992 Super NES Home Alone 2 : Lost in New York
7%
35 1989 NES Raid 2020
7%
18 1996 Master System Sonic 3D Blast
7%
18 1995 Game Gear Sonic Labyrinth
7%
45 1989 Mega Drive Super Hydlide
7%
21 1995 Jaguar White Men can't Jump
7%
41 2002 PC Bikini Karate Babe
5%
44 1982 Atari 2600 Custer's Revenge
5%
68 2009 PlayStation 2 Harry Potter et le Prince de Sang-Mêlée
5%
81 1991 NES Impossible Mission
5%
26 1993 CD-i Link : The Faces of Evil
5%
25 1994 Super NES Rex Ronan : Experimental Surgeon
5%
36 2010 PC Rulers of Nations : Geo Political Simulator 2
5%
37 1992 Master System The Addams Family
5%
84 2000 PS1 Tomb Raider Chronicles
5%
76 1993 Mega Drive / NES Wayne's World
5%
31 1987 Amstrad CPC 464 Airwolf 2
4%
57 2003 GameCube Batman Dark Tomorrow
4%
36 2012 PC Emergency Ambulance Simulator 2012
4%
36 2008 PC Euro Truck Simulator
4%
20 1998 PC Jurassic Park : Trespasser
4%
41 1995 Jaguar Kasumi Ninja
4%
61 2006 PlayStation 2 Le Flic de Beverly Hills
4%
54 2001 PlayStation Les Visiteurs 2 : La Relique de Sainte-Rollande
4%
45 1994 Super NES Lord of the Ring
4%
18 2000 PlayStation Mortal Kombat : Special Forces
4%
17 1987 NES Predator
4%
37 1993 Super NES The Addams Family : Pugsley's Scavenger Hunt
4%
82 1994 Super NES The Incredible Hulk
4%
36 2012 PC Toilet Tycoon
4%
77 1991 Game Boy Dragon's Lair : The Legend
3%
61 2003 XBox Drake of the 99 Dragons
3%
21 1987 NES Duck Hunt
3%
66 1989 PC Ghostbusters II
3%
65 1994 Mega Drive Mighty Max
3%
77 1999 Game Boy Color Mortal Kombat 4
3%
75 1997 PlayStation Mortal Kombat Mythologies : Sub-Zero
3%
11 2006 Nintendo DS My Little Poney Crystal Princess : The Runaway Rainbow
3%
59 1992 Mega-CD Night Trap
3%
63 1994 Megadrive Pac-Man 2 : The New Adventures
3%
88 2003 PS1 Shoot
3%
52 1991 Mega Drive Terminator 2
3%
64 1997 PlayStation The Fantastic Four
3%
65 1993 Mega Drive The Flintstones
3%
44 1986 NEC-PC-8801 177
1%
21 1998 PlayStation Adidas Power Soccer
1%
60 1993 Super Nintendo Bebe's Kids
1%
87 1987 NES Castlevania II : Simon's quest
1%
23 1982 Atari 2600 China Syndrome
1%
9 1988 NES Dragon Ball : Le Secret du Dragon
1%
29 1992 Super NES Drakkhen
1%
29 1999 PlayStation Legend of Foresia : La Contrée Interdite
1%
58 1987 NES Les Goonies II
1%
44 1996 PlayStation Magical Date
1%
59 1995 PC Man Enough
1%
6 1994 Mega CD Mighty Morphin Power Rangers
1%
71 2004 PlayStation Robin Hood : The Siege
1%
64 1990 NES Silver Surfer
1%
23 1982 Atari 2600 Sneak'n Peak
1%
88 2006 PS2 Snow White & the 7 Clever Boys
1%
53 1987 Famicom Stargazers
1%
56 1999 PlayStation Star Wars Episode I : The Phantom Menace
1%
56 1999 GameBoy Color Star Wars : Yoda Stories
1%
62 1986 NES Super Monkey Daiboken
1%
62 1986 Famicom The Transformers : Mystery of Convoy
1%
36 2012 PC Train Simulator 2012
1%
40 1989 Master System Alex Kidd : High-Tech World
0%
88 2003 PS1 All Star Action
0%
42 2003 GameCube Aquaman : Battle for Atlantis
0%
80 1983 Arcade Astron Belt
0%
19 1992 Mega Drive Barbie : Super Model
0%
41 2003 Playstation 2 BCV : Battle Construction Vehicles
0%
44 1982 Atari 2600 Beat'Em & Eat'Em
0%
89 1991 NES Bible Adventures
0%
44 1992 Amiga Brad Stallion in the Sex Olympics
0%
36 2012 PC Bus & Cable Car-Simulator 2012
0%
88 2006 PS2 Cinderella
0%
59 1994 Saturn Corpse Killer
0%
80 1993 Arcade Crime Patrol
0%
80 1994 PC Critical Path
0%
39 2002 PC Elite Forces : Navy SEALs
0%
44 1989 Amiga Emmanuelle
0%
72 1995 PC Fort Boyard : Le Défi
0%
72 2006 PC Fort Boyard : Le Jeu
0%
72 2000 PC Fort Boyard Millenium
0%
60 1994 Amiga Franco the Crazy Revenge
0%
39 2005 PC GIGN Anti-Terror Force
0%
44 1984 SG-1000 Girl's Garden
0%
60 1992 Arcade Guardian of the Hood
0%
68 2003 PC Harry Potter : Coupe du monde de Quidditch
0%
/ 1992 Megadrive Heavy Nova
0%
29 1990 NES Heroes of the Lance
0%
57 1986 Commodor 64 Howard the Duck
0%
82 1996 Playstation Hulk The Pantheon Saga
0%
20 1994 Master System / MegaDrive Jurassic Park : Rampage Edition
0%
69 2004 PlayStation 2 K2000 : La Revanche de Kitt
0%
69 2002 PlayStation 2 K2000 : The Game
0%
59 1995 CD-i L'Affaire Morlov
0%
79 1991 NES Laser Invasion
0%
23 1983 Atari 2600 Masters of the Universe : The Power of He-man
0%
23 1982 Atari 2600 Megaforce
0%
78 1998 PlayStation Men in Black : The Game
0%
21 1993 Super NES NBA All-Star Challenge
0%
60 1991 Arcade Ninja Clown
0%
80 1993 PC Quantum Gate
0%
70 2014 PlayStation 3 Rambo : The Video Game
0%
44 2010 PC Real Girlfriend
0%
76 1995 Mega Drive Revolution X
0%
71 1992 GameBoy Robin Hood : Prince of Thieves
0%
71 2007 PlayStation 2 Robin Hood's Quest
0%
71 2006 PlayStation 2 Robin Hood : The Siege 2
0%
79 1985 NES Robot Gyro
0%
44 1984 Atari 2600 Sex, Sex, Sex
0%
41 1994 3DO Shadow : War of succession
0%
35 1990 NES Silent Assault
0%
41 1990 Mega Drive Slaughter Sport
0%
44 1981 Commodor 64 Softporn Adventure
0%
80 1995 PC Soldier Boyz
0%
64 1992 MegaDrive Spider-Man and the X-Men : Arcade's Revenge
0%
57 1996 Sega 32X Spider-man : Web of Fire
0%
56 1997 PlayStation Star Wars : Masters of Teräs Käsi
0%
56 1992 NES Star Wars : The Empire Strikes Back
0%
23 1983 Atari 2600 Strawberry Shortcake
0%
79 1990 NES Super Gloveball
0%
41 1994 Arcade Tattoo Assassin
0%
54 2000 PC Taxi 2
0%
74 2005 PlayStation 2 The Matrix : Path of Neo
0%
57 1989 NES The Uncanny X-Men
0%
89 2008 PC The You Testament
0%
84 2003 PS2 Tomb Raider : Angel of Darkness
0%
Aucun quiz correspondant
Distribution des résultats
% des personnes avec chaque résultat
Percentile par nombre de réponses
Votre historique - résultats
Vous n’avez pas pris ce quiz depuis la dernière actualisation